<?xml version="1.0" encoding="UTF-8"?>
<record
    xmlns:xsi="http://www.w3.org/2001/XMLSchema-instance"
    xsi:schemaLocation="http://www.loc.gov/MARC21/slim http://www.loc.gov/standards/marcxml/schema/MARC21slim.xsd"
    xmlns="http://www.loc.gov/MARC21/slim">

  <leader>01084nam0a22002411  4500</leader>
  <controlfield tag="001">rc\2142553</controlfield>
  <controlfield tag="005">20250623002955.0</controlfield>
  <datafield tag="035" ind1=" " ind2=" ">
    <subfield code="a">(NLR Aleph) 006491847</subfield>
  </datafield>
  <datafield tag="090" ind1=" " ind2=" ">
    <subfield code="a">6140820</subfield>
    <subfield code="c">6140820</subfield>
  </datafield>
  <datafield tag="100" ind1=" " ind2=" ">
    <subfield code="a">20110829d1979    |||y0rusy50      ca</subfield>
  </datafield>
  <datafield tag="101" ind1="0" ind2=" ">
    <subfield code="a">rus</subfield>
  </datafield>
  <datafield tag="102" ind1=" " ind2=" ">
    <subfield code="a">RU</subfield>
  </datafield>
  <datafield tag="105" ind1=" " ind2=" ">
    <subfield code="a">y   ac  |||||</subfield>
  </datafield>
  <datafield tag="200" ind1="1" ind2=" ">
    <subfield code="a">&#x410;.&#x41A;. &#x412;&#x43E;&#x440;&#x43E;&#x43D;&#x441;&#x43A;&#x438;&#x439; &#x432; &#x418;&#x432;&#x430;&#x43D;&#x43E;&#x432;&#x43E;-&#x412;&#x43E;&#x437;&#x43D;&#x435;&#x441;&#x435;&#x43D;&#x441;&#x43A;&#x43E;&#x439; &#x43F;&#x435;&#x447;&#x430;&#x442;&#x438; (1918-1926)</subfield>
    <subfield code="e">&#x411;&#x438;&#x431;&#x43B;&#x438;&#x43E;&#x433;&#x440;. &#x443;&#x43A;&#x430;&#x437;.</subfield>
    <subfield code="f">[&#x421;&#x43E;&#x441;&#x442;. &#x434;. &#x444;&#x438;&#x43B;&#x43E;&#x43B;. &#x43D;., &#x43F;&#x440;&#x43E;&#x444;. &#x41F;.&#x412;. &#x41A;&#x443;&#x43F;&#x440;&#x438;&#x44F;&#x43D;&#x43E;&#x432;&#x441;&#x43A;&#x438;&#x439;]</subfield>
  </datafield>
  <datafield tag="210" ind1=" " ind2=" ">
    <subfield code="a">&#x418;&#x432;&#x430;&#x43D;&#x43E;&#x432;&#x43E;</subfield>
    <subfield code="c">&#x418;&#x432;&#x430;&#x43D;. &#x433;&#x43E;&#x441;. &#x443;&#x43D;-&#x442;</subfield>
    <subfield code="d">1979</subfield>
  </datafield>
  <datafield tag="215" ind1=" " ind2=" ">
    <subfield code="a">23 &#x441;.</subfield>
    <subfield code="d">20</subfield>
  </datafield>
  <datafield tag="300" ind1=" " ind2=" ">
    <subfield code="a">&#x412; &#x43D;&#x430;&#x434;&#x437;&#x430;&#x433;.: &#x41C;-&#x432;&#x43E; &#x432;&#x44B;&#x441;&#x448;. &#x438; &#x441;&#x440;&#x435;&#x434;. &#x441;&#x43F;&#x435;&#x446;. &#x43E;&#x431;&#x440;&#x430;&#x437;&#x43E;&#x432;&#x430;&#x43D;&#x438;&#x44F; &#x420;&#x421;&#x424;&#x421;&#x420;, &#x418;&#x432;&#x430;&#x43D;. &#x433;&#x43E;&#x441;. &#x443;&#x43D;-&#x442; &#x438;&#x43C;. &#x41F;&#x435;&#x440;&#x432;&#x43E;&#x433;&#x43E; &#x432; &#x420;&#x43E;&#x441;&#x441;&#x438;&#x438; &#x418;&#x432;&#x430;&#x43D;&#x43E;&#x432;&#x43E;-&#x412;&#x43E;&#x437;&#x43D;&#x435;&#x441;&#x435;&#x43D;. &#x43E;&#x431;&#x449;&#x435;&#x433;&#x43E;&#x440;. &#x421;&#x43E;&#x432;&#x435;&#x442;&#x430; &#x440;&#x430;&#x431;&#x43E;&#x447;&#x438;&#x445; &#x434;&#x435;&#x43F;&#x443;&#x442;&#x430;&#x442;&#x43E;&#x432;</subfield>
  </datafield>
  <datafield tag="700" ind1=" " ind2="1">
    <subfield code="a">&#x41A;&#x443;&#x43F;&#x440;&#x438;&#x44F;&#x43D;&#x43E;&#x432;&#x441;&#x43A;&#x438;&#x439;</subfield>
    <subfield code="b">&#x41F;.&#x412;.</subfield>
    <subfield code="f">1919-</subfield>
    <subfield code="g">&#x41F;&#x430;&#x432;&#x435;&#x43B; &#x412;&#x44F;&#x447;&#x435;&#x441;&#x43B;&#x430;&#x432;&#x43E;&#x432;&#x438;&#x447;</subfield>
  </datafield>
  <datafield tag="801" ind1=" " ind2="0">
    <subfield code="a">RU</subfield>
    <subfield code="b">NLR</subfield>
    <subfield code="g">psbo</subfield>
  </datafield>
  <datafield tag="801" ind1=" " ind2="1">
    <subfield code="a">RU</subfield>
    <subfield code="b">ELAR</subfield>
    <subfield code="2">rusmarc</subfield>
  </datafield>
  <datafield tag="852" ind1=" " ind2=" ">
    <subfield code="a">NLR</subfield>
    <subfield code="j">&#x421; &#x41A;-1/1259</subfield>
  </datafield>
  <datafield tag="942" ind1=" " ind2=" ">
    <subfield code="c">BOOK</subfield>
  </datafield>
  <datafield tag="980" ind1=" " ind2=" ">
    <subfield code="a">NB</subfield>
  </datafield>
  <datafield tag="995" ind1=" " ind2=" ">
    <subfield code="5">2013-10-26</subfield>
    <subfield code="b">NLR01</subfield>
    <subfield code="c">NLR01</subfield>
    <subfield code="e">CSB</subfield>
    <subfield code="f">1-3238782</subfield>
    <subfield code="k">&#x421; &#x41A;-1/1259</subfield>
    <subfield code="o">0</subfield>
    <subfield code="r">BOOK</subfield>
    <subfield code="s">_11259</subfield>
  </datafield>
</record>
